000 00605nam a2200205Ia 4500
003 IN-BaIIA
008 211028s9999 xx 000 0 eng d
040 _cIIA Library
080 _a523.64
_bRIC
100 _aRichter, Nikolaus B.
_94070
245 4 _aThe nature of comets
_cNikolaus B. Richter, translated by Arthur Beer
250 _arev ed.
260 _aLondon
_bMethuen
_c1963
300 _axli, 221p.
650 _aAstronomy and astrophysics thesaurus
650 _aComets
_9755
650 _aSolar system
700 _aBeer, Arthur
_94071
942 _cBK
999 _c2272
_d2272